000 00443nam a2200169Ia 4500
008 121012t1993 xxu||||| |||| 00| 0 sin d
041 _asin
080 _aX8S1
_bSEK
245 _aමහගම සේකරගේ ගීත
246 _aMahagamasekarage Geetha
250 _a3rd
260 _bPradeepa Prakashakayo
_aColombo 12
_c1993
300 _b104p., 21 cm
942 _cBK
999 _c76131
_d76131
003 LK-CoDNM
040 _aLK-CoDNM
_dLK-CoDNM
_eLK-CoDNM